01726nab a2200445 a 450000100060000000300080000600500170001400600190003100700150005000800410006502200140010603500210012004000260014105000190016708000070018608200120019310000320020521000480023722200950028524501710038026000620055130000130061331000100062636200190063653301640065554600390081965000170085865000440087565000210091965000150094065000200095565000370097565300140101265300270102665300180105365500320107171000190110374000960112285600620121829600FlNmELB20241216220515.0m o d | cr cn|||||||||201104r2005 sp |||||s|||||||||||spa d a1578-5157 a(OCoLC)955409545 aFlNmELBbspacFlNmELB 4aG62bT693 2005 a9104a9102221 aTorres Herrera, Juan Pablo.10aGeofocus. Rev. int. cienc. tec. inf. geogr. 0aGeofocus. Revista internacional de Ciencia y Tecnología de la información Geográfica10aReflexiones del V curso internacional sobre manejo de sistemas de información para la mitigación de desastresh[recurso electronico] /cJuan Pablo Torres Herrera. aMadrid :bAsociación de Geógrafos Españoles,c2005. a59-64 p. aAnual0 aNum. 5 (2005)- aRecurso electrónico. Santa Fe, Arg.: e-libro, 2015. Disponible vía World Wide Web. El acceso puede estar limitado para las bibliotecas afiliadas a e-libro. aResumenes en español e inglés. 0aGeografía. 0aSistemas de información geográfica. 0aTeledetección. 0aGeography. 0aRemote sensing. 0aGeographical information system. aGeografia aInformacion geografica aTeledeteccion 4aArtículos electrónicos.2 ae-libro, Corp.02aGeofocus. Revista internacional de Ciencia y Tecnología de la información Geográfica.40uhttps://elibro.net/ereader/politecnicointernacional/21506